Comprehension exercises in advanced level physics / (Registro nro. 7711)

Detalles MARC
000 -CABECERA
Campo de control interno 01774nam a2200241Ia 4500
008 - ELEMENTOS DE LONGITUD FIJA - INFORMACIÓN GENERAL
Campo de control de longitud fija 260220t1965||||xx |||||||||||||| ||spa||
040 ## - FUENTE DE CATALOGACIÓN
Agencia de catalogación original PY-SlUNAC
Idioma de catalogación spa
Convenciones de descripción rda
041 ## - CÓDIGO DE IDIOMA
Código de idioma para texto/pista de sonido o título separado spa
082 ## - NÚMERO DE CLASIFICACIÓN DECIMAL DEWEY
Clasificación Decimal Dewey (CDD) 530
Clasificación Expansiva de Cutter (EC) Al439c
100 ## - ASIENTO PRINCIPAL - NOMBRE PERSONAL
Nombre personal Allitt, S. E.
Rol del autor Autor
245 #0 - TÍTULO
Título Comprehension exercises in advanced level physics /
Mención de responsabilidad por S. E. Allitt [Autor]
264 ## - PIE DE IMPRENTA
Lugar Londres :
Editorial ULP,
Año ℗1965.
300 ## - DESCRIPCIÓN FÍSICA
Páginas 1 volumen
520 ## - NOTA DE RESUMEN
Nota de resumen "Comprehension Exercises in Advanced Level Physics" de S. E. Allitt es una obra dirigida a estudiantes de física avanzada que busca mejorar la comprensión conceptual y la aplicación práctica de los principios físicos. A través de una serie de ejercicios estructurados, el autor fomenta el pensamiento crítico y la capacidad de resolución de problemas, abordando temas fundamentales como la mecánica, la termodinámica y la electromagnetismo. Cada ejercicio está diseñado para desafiar al lector, promoviendo un enfoque activo en el aprendizaje y la autoevaluación. Además, el libro integra explicaciones teóricas con situaciones prácticas, lo que permite a los estudiantes conectar los conceptos abstractos con ejemplos del mundo real. Al combinar teoría y práctica, Allitt proporciona una herramienta valiosa para la preparación de exámenes y el desarrollo de habilidades analíticas. Esta obra es un recurso esencial para aquellos que buscan profundizar su entendimiento en física a un nivel avanzado y aplicar sus conocimientos en contextos académicos y profesionales.
653 ## - MATERIA - TÉRMINO TEMÁTICO NO CONTROLADO (PALABRAS CLAVE)
Materia - término temático no controlado (palabras clave) Educación
653 ## - MATERIA - TÉRMINO TEMÁTICO NO CONTROLADO (PALABRAS CLAVE)
Materia - término temático no controlado (palabras clave) Ejercicios de comprensión
653 ## - MATERIA - TÉRMINO TEMÁTICO NO CONTROLADO (PALABRAS CLAVE)
Materia - término temático no controlado (palabras clave) Física
942 ## - ELEMENTOS PERSONALIZADOS (KOHA)
Fecha catalogación 2026/02/17
Tipo de documento Libros
Existencias
Fuente de Clasificacion Colección Ubicacion permanente Biblioteca actual Fecha de Ingreso a la Biblioteca Origen de adquisición Código de ubicación Código de barras Tipo de Item KOHA Nota pública
Dewey Decimal Classification Colección General (CG) Biblioteca e Internet, Facultad de Ciencias Exactas y Naturales Biblioteca e Internet, Facultad de Ciencias Exactas y Naturales 02/20/2026 Donación 530 Al439c CG1071 Libros Material disponible en la Biblioteca e Intenet, Campus UNA, San Lorenzo.